| 000 | 00625nam a2200229Ia 4500 | ||
|---|---|---|---|
| 003 | OSt | ||
| 005 | 20220928112713.0 | ||
| 006 | a|||||r|||| 00| 0 | ||
| 007 | ta | ||
| 008 | 220927b |||||||| |||| 00| 0 eng d | ||
| 024 | _a65828 | ||
| 037 | _cTextual | ||
| 040 |
_aSDCL _cSDCL _beng |
||
| 041 |
_2eng _aeng |
||
| 082 | _aX:8F, P4 | ||
| 100 |
_aChary V R K _9429344 |
||
| 245 | 0 |
_aEthics in accounting _bGlobal cases and experiences |
|
| 260 |
_aHyderabad _bICFAI University Press _c2004 |
||
| 300 |
_av,265p Bibp267-282 _ccm. |
||
| 942 |
_hX:8F, P4 _cTEXL _2CC |
||
| 999 |
_c745867 _d745867 |
||